| 000 | 00910nam a2200265Ia 4500 | ||
|---|---|---|---|
| 003 | OSt | ||
| 005 | 20220925195248.0 | ||
| 006 | a|||||r|||| 00| 0 | ||
| 007 | ta | ||
| 008 | 220923b |||||||| |||| 00| 0 eng d | ||
| 020 |
_a9781848446687 _c4487.4099999999999 |
||
| 037 |
_bBBS/181, 22/03/2012, Better Book Service _cGeneral Book |
||
| 040 |
_aRTL _cRTL _beng |
||
| 041 |
_2eng _aeng |
||
| 082 | _aXM8.41, Q1 | ||
| 100 |
_aPearce Robert _9144948 |
||
| 245 | 0 |
_aChina and the multinationals _b International business and the entry of China into the global economy |
|
| 260 |
_aCheltenham _bEdward Elgar _c2011 |
||
| 300 |
_aix, 204p _ccm. |
||
| 490 | _aNew Horizons in International Business | ||
| 500 | _aBibliography chapterwise | ||
| 650 | _aCommerce | ||
| 942 |
_hXM8.41, Q1 _cGB _2CC |
||
| 999 |
_c532375 _d532375 |
||